LEADER 01589nam a2200361 u 4500 001 000000071962 003 CaOOAMICUS 005 20070226122205.0 008 020607s2001 it u000 u ita u 020 $a8882942619 035 $a10932554 040 $aPUL$bita 110 1 $aItalia.$0(OLS)http://pul/name/1188 240 10$aLeggi, ecc.$9(Italia).$0(OLS)http://pul/title/1565 245 13$aIl nuovo codice doganale annotato per articolo /$ca cura di Danilo Biancospino, Vito Capacchione, Massimo Moretto. 250 $a3. ed. 260 $aPiacenza :$bLa tribuna,$cc2001. 300 $a2206 p. ;$c20 cm 500 $aContiene indici. 650 4$aDiritto commerciale internazionale.$0(OLS)http://pul/subject/25158 700 1 $aMoretto, Massimo.$0(OLS)http://pul/name/47668 700 1 $aCapacchione, Vito.$0(OLS)http://pul/name/47667 700 1 $aBiancospino, Danilo.$0(OLS)http://pul/name/47666 850 $aPUL 852 $aPUL$W1$xDP2 Cons. Gen., Altre Classi 1$y61$m1379 B 7$j93083$nBK-PRI$qStampati$B93083$CPULBib$Z2$F93083 $H87112 $82 852 $aPUL$W1$xDP2 Diritto e Scienze Sociali 2$y100$mUtrCiv E 26$j93084$nBK-PRI$qStampati Altre Collocazioni$B93084$CPULBib$Z2$F93084 $H87111 $82 941 1 $a8 941 1 $a10 961 $aINV: 87112 961 $aINV: 87111 996 $6020$a8882942619$9(OLS)http://pul/number/92943 996 $6245$aIl nuovo codice doganale annotato per articolo$9(OLS)http://pul/title/94699 996 $6260$aPiacenza :$bLa tribuna$9(OLS)http://pul/publisher/62750 LEADER 01521nam a2200313 a 4500 001 000000176499 003 CaOOAMICUS 005 20240119140626.0 006 a 000 u 008 240119s2022 gw u000 u eng r 020 $z978-3-16-159938-5* 032 $aLibriCat 040 $aPUL$bita 100 1 $aFoster, Christopher G.,$c1977-$0(OLS)http://pul/name/113418 245 10$aCommunal participation in the Spirit :$bthe Corinthian correspondence in light of early Jewish mysticism in the Dead Sea Scrolls /$cChristopher G. Foster. 260 $aTübingen :$bMohr Siebeck,$cc2022. 300 $axxi, 245 p. ;$c24 cm 490 1 $aWissenschaftliche Untersuchungen zum Neuen Testament.$aReihe 2 ;$v575 500 $aComprende indici. 504 $aBibliografia in nota. 630 04$aBiblia.$pN.T.$pAd Corinthios$xCritica e interpretazione.$0(OLS)http://pul/subject/25980 830 0$aWissenschaftliche Untersuchungen zum Neuen Testament.$nReihe 2 ;$v575.$0(OLS)http://pul/title/264 850 $aPUL 852 $aPUL$W1$xSL Religione 1$y3$m16 I 575$j200557$qStampati$B205441$CPULBib$Z2$F205441 $H136708 $82 941 1 $a8 996 $6020$z978-3-16-159938-5*$9(OLS)http://pul/number/169504 996 $6245$aCommunal participation in the Spirit :$bthe Corinthian correspondence in light of early Jewish mysticism in the Dead Sea Scrolls$9(OLS)http://pul/title/217989 996 $6260$aTübingen :$bMohr Siebeck$9(OLS)http://pul/publisher/52004